El Renacimiento : Julio II /

Guardado en:
Bibliografiske detaljer
Hovedforfatter: Gobineau, Joseph-Arthur, Conde de (autor)
Format: Bog
Sprog:spansk
Udgivet: Madrid, España : Espasa-Calpe, 1928, c1928
Serier:(Colección Universal) [s.n.]
Fag:
Tags: Tilføj Tag
Ingen Tags, Vær først til at tagge denne postø!

MARC

LEADER 00000nam^a2200000^a^4500
001 000306425
005 20250521000000.0
009 20260310112819.043
025 |a Donación Robles Martínez, 1 ejemplar 
037 |a Acervo ITESO - Biblioteca 
041 |a ESP 
082 |a 945. 06  |b GOB V. 3-4 
100 |a Gobineau, Joseph-Arthur,  |c Conde de  |e (autor) 
240 1 4 |a [El Renacimiento, de Joseph-Arthur de Gobineau] 
245 1 3 |a El Renacimiento :  |b Julio II /  |c J.A. de Gobineau ; tr. por Angel Sánchez Rivero. 
264 4 |a Madrid, España :  |b Espasa-Calpe,  |c 1928, c1928 
300 |a 144, 231 p. 
336 |a texto  |b txt  |2 rdacontenido 
337 |a sin mediación  |b n  |2 rdamedio 
338 |a volumen  |b nc  |2 rdasoporte 
440 1 |a (Colección Universal) [s.n.] 
500 |a Traducción de: La Renaissance 
501 |a Encuadernación particular 
649 |a XX 
650 |a Artistas Italianos 
650 |a Papas 
650 |a Religiosos Italianos 
650 |a Iglesia -  |x Historia -  |y Papa, 1503-1513 (Julio II) -  |x Tema Principal 
650 |a Iglesia -  |x Historia -  |y Papa, 1513-1521 (León X) -  |x Tema Principal 
650 |a Personajes Históricos Italianos 
650 |a Italia -  |x Historia -  |y 1494-1559 -  |x Tema Principal 
650 |a Italia -  |x Historia -  |y Renacimiento, 1402-1559 
650 |a Renacimiento -  |x Historia 
650 |a Miguel Angel -  |x Tema Principal 
740 3 |a El Renacimiento :  |b León X, Miguel Angel /  |c J.A. de Gobineau ; tr. por Angel Sánchez Rivero. 
910 |a Fondo Robles Martínez 
920 |a Impresos - Libros 
930 |a Fondos Especiales 
905 |a 123 
901 |a 0500192361  |b IT2  |c ESP  |i D  |u 20250521 
902 |a https://opac.biblio.iteso.mx/vufind/Record/000306425